Statistics for Pub Quiz Round 4 - Mathematics

Click here to take the quiz!

General Stats

  • This quiz has been taken 1,053 times
  • The average score is 15 of 20

Answer Stats

QuestionAnswer% Correct
111 x 12132
96%
559 x 10590
95%
2109 + 294403
93%
1311 x 10110
86%
9666 / 3222
86%
1412 x 12144
84%
10313 x 3939
83%
4508 / 4127
81%
1269 + 69138
81%
3381 - 29883
81%
8194 + 208402
75%
1853 x 4212
72%
15862 + 103965
69%
11815 + 3061121
67%
16105 x 9945
67%
756 x 12672
64%
6952 / 8119
58%
17527 + 6441171
50%
19876 - 309567
47%
20111 x 11112321
24%

Score Distribution

Percentile by Number Answered

Percent of People with Each Score

Your Score History

You have not taken this quiz